Code of practice for residential letting agents[electronic resource] (Record no. 112592)

MARC details
000 -LEADER
fixed length control field 01132cad a22002535a 4500
001 - CONTROL NUMBER
control field L153552
008 - FIXED-LENGTH DATA ELEMENTS--GENERAL INFORMATION
fixed length control field 110804s2011 xxk f 000 0 eng d
035 ## - SYSTEM CONTROL NUMBER
System control number (Sirsi) u153552
041 0# - LANGUAGE CODE
Language code of text/sound track or separate title eng
110 2# - MAIN ENTRY--CORPORATE NAME
Corporate name or jurisdiction name as entry element The Property Ombudsman
9 (RLIN) 5930
245 00 - TITLE STATEMENT
Title Code of practice for residential letting agents[electronic resource]
260 ## - PUBLICATION, DISTRIBUTION, ETC.
Place of publication, distribution, etc. Salisbury
Name of publisher, distributor, etc. TPO
Date of publication, distribution, etc. 2011
520 ## - SUMMARY, ETC.
Summary, etc. Mandatory code of practice for all members of the Property Ombudsman scheme offering residential lettings or management services. Effective from 1 August 2011.
590 ## - LOCAL NOTE (RLIN)
Local note KA
650 24 - SUBJECT ADDED ENTRY--TOPICAL TERM
Topical term or geographic name entry element ESTATE AGENTS ACT 1979
650 24 - SUBJECT ADDED ENTRY--TOPICAL TERM
Topical term or geographic name entry element PROPERTY MISDESCRIPTIONS ACT 1991
650 24 - SUBJECT ADDED ENTRY--TOPICAL TERM
Topical term or geographic name entry element CONSUMERS, ESTATE AGENTS AND REDRESS ACT 2007
650 24 - SUBJECT ADDED ENTRY--TOPICAL TERM
Topical term or geographic name entry element CONSUMER PROTECTION FROM UNFAIR TRADING REGULATION 2008
650 24 - SUBJECT ADDED ENTRY--TOPICAL TERM
Topical term or geographic name entry element CANCELLATION OF CONTRACTS MADE IN A CONSUMER'S HOME OR PLACE OF WORK ETC REGULATIONS 2008
651 #4 - SUBJECT ADDED ENTRY--GEOGRAPHIC NAME
Geographic name ENGLAND AND WALES
690 ## - LOCAL SUBJECT ADDED ENTRY--TOPICAL TERM (OCLC, RLIN)
Topical term or geographic name as entry element PROPERTY-RESIDENTIAL PROPERTY
856 40 - ELECTRONIC LOCATION AND ACCESS
Uniform Resource Identifier <a href="https://www.tpos.co.uk/downloads/Code%20of%20Practice%20for%20Residential%20Letting%20Agents.pdf">https://www.tpos.co.uk/downloads/Code%20of%20Practice%20for%20Residential%20Letting%20Agents.pdf</a>
Public note View the item free of charge at www.tpos.co.uk
942 ## - ADDED ENTRY ELEMENTS (KOHA)
Suppress in OPAC 0
Holdings
Withdrawn status Lost status Source of classification or shelving scheme Damaged status Not for loan Home library Current library Shelving location Date acquired Total Checkouts Full call number Barcode Date last seen Copy number Price effective from Koha item type
    Dewey Decimal Classification     Virtual Virtual Online 04/08/2011   ONLINE PUBLICATION 153552-2001 06/08/2019 1 06/08/2019 Book